000 00330nam a2200145 a 4500
003 DLC
005 20210219152719.0
035 _aUPN01000059452
245 0 0 _aAUTOEDUCACION
260 _aLima, PerĂș
_bInstituto de PedagogĂ­a Popular
310 _aTrimestral
653 0 _aPEDAGOGIA
905 _aRevista
999 _c59433
_d59433